| 000 | 01206nam a2200229Ia 4500 | ||
|---|---|---|---|
| 003 | Ost | ||
| 005 | 20260507075746.0 | ||
| 008 | 260507s9999||||xx |||||||||||||| ||und|| | ||
| 020 | _a2033209961 | ||
| 040 | _cfsecg | ||
| 041 | _aara | ||
| 082 | _a330 | ||
| 100 |
_aالأعمش، إبراهيم _eمؤلف |
||
| 245 | 0 |
_aأسس المحاسبة العامة : _bمطابق المخطط المحاسبي الوطني 1975 / _c إبراهيم الأعمش |
|
| 260 |
_aالجزائر: _bديوان المطبوعات الجامعية, _c1999 |
||
| 300 |
_a332 صفحة؛ _bإيضاحات ؛ _c30 سم |
||
| 520 | _aالمؤسسة -تقديم المخطط الوطني المحاسبي- دراسة حسابات الأصول للميزانية- دراسة حسابات الخصوم للميزانية- دراسة حسابات التسيير- عمليات التقييد- الأخطاء وتصحيحها واحتساب الخصومات- عمليات الأقفال والتسويات الجردية- الوثائق المحاسبية للفتح والإقفال. | ||
| 653 | _aالمحاسبة | ||
| 653 | _aالمحاسبة العامة | ||
| 653 | _aالمخطط المحاسبي | ||
| 942 | _cكتاب | ||
| 999 |
_c46189 _d46189 |
||